Conifers by Picture - Statistics

General Stats
  • This quiz has been taken 5 times
  • The average score is 11 of 15
Answer Stats
Picture Answer % Correct
Abies
100%
Araucaria
100%
Cedrus
100%
Juniperus
100%
Pinus
100%
Pseudotsuga
100%
Tsuga
100%
Larix
75%
Metasequoia
75%
Picea
75%
Taxus
75%
Taxodium
50%
Cupressus
25%
Podocarpus
25%
Sequoiadendron
25%
No matching quizzes found
Score Distribution
Percent of People with Each Score
Percentile by Number Answered
Your Score History
You have not taken this quiz